• 首页
  • 本馆介绍
  • 公告通知
  • 最新文献
  • 馆藏检索
  • 电子资源
  • 读者导购
  • 参考咨询
  • 我的图书馆
  • 登录
  • 详细信息显示
  • 放入我的书架
  • 预约/预借图书
  • 作者相关作品
  • 分类相关作品
  • 丛书相关作品
  • 出版社相关作品

书目信息

  • 表格格式
  • 工作单格式
  • 卡片格式
题名:
现代设计史
    
 
作者: 瑞兹曼 , Raizman 著 ;王栩宁 译
分册:  
出版信息: 北京   中国人民大学出版社  2007
页数: 462页
开本: 29cm
丛书名:
单 册:
中图分类: J509.1
科图分类:
主题词: 现代主义--设计--工艺美术史--世界 , 工艺美术--艺术理论
电子资源:
ISBN: 978-7-300-08719-1
000 01245nam0 2200313 450
001 012004198410
005 20080324144527.03
009 012004198410
010    @a978-7-300-08719-1@b精装@dCNY148.00
035    @a(110019)012007061547
100    @a20071224d2007 em y0chiy0110 ea
101 1  @achi@ceng
102    @aCN@b110000
105    @aa z 000yy
106    @ar
200 1  @a现代设计史@Axian dai she ji shi@dHistory of modern design@f(美)大卫·瑞兹曼(David Raizman)著@g(澳)王栩宁[等]译@zeng
210    @a北京@c中国人民大学出版社@d2007
215    @a462页@c图@d29cm
304    @a译者还有:(澳)若斓荙-昂、刘世敏、李昶
330    @a本书剖析了18世纪以来实用艺术和工业设计的发展历程,涵盖了绘画、雕塑、建筑、家具、印刷、摄影、服装、工业等诸多领域,不仅从纵向阐述了各个设计流派、各种设计风格的演变过程及其代表作品,而且从横向探讨了设计和生产、消费、科技、商业之间盘根错节又变动不居的关系。
510 1  @aHistory of modern design@zeng
606 0  @a现代主义@x设计@x工艺美术史@y世界
606 0  @a工艺美术@x艺术理论
690    @aJ509.1@v4
701  1 @c(美)@a瑞兹曼@Arui zi man@bD.@4著
701  1 @c(美)@aRaizman@bDavid@4著
702  0 @c(澳)@a王栩宁@Awang xu ning@4译
801  0 @aCN@b110019@c20080324
905    @dJ509.1@e290@f10
    
    现代设计史=History of modern design/(美)大卫·瑞兹曼(David Raizman)著/(澳)王栩宁[等]译.-北京:中国人民大学出版社,2007
    462页:图;29cm
    
    
    ISBN 978-7-300-08719-1(精装):CNY148.00
    本书剖析了18世纪以来实用艺术和工业设计的发展历程,涵盖了绘画、雕塑、建筑、家具、印刷、摄影、服装、工业等诸多领域,不仅从纵向阐述了各个设计流派、各种设计风格的演变过程及其代表作品,而且从横向探讨了设计和生产、消费、科技、商业之间盘根错节又变动不居的关系。
●
相关链接 在E读中查询图书 在五车中查询图书 在当当中查询图书 在豆瓣中查询图书


正题名:现代设计史     索取号:J509.1/290         预约/预借

序号 登录号 条形码 馆藏地/架位号 状态 备注
1 0792637   207926379   第一样本阅览室/ [索取号:J509.1/290] 在馆    
2 0792638   207926388   第一借阅区/ [索取号:J509.1/290] 在馆    
3 0792639   207926397   第一借阅区/ [索取号:J509.1/290] 在馆    
4 0792640   207926404   第一借阅区/ [索取号:J509.1/290] 在馆    
5 0792641   207926413   第一借阅区/ [索取号:J509.1/290] 在馆    
6 0792642   207926422   第一借阅区/ [索取号:J509.1/290] 在馆    
7 0792643   207926431   第一借阅区/ [索取号:J509.1/290] 在馆    
8 0792644   207926440   第一借阅区/ [索取号:J509.1/290] 在馆    
9 0792645   207926459   第一借阅区/ [索取号:J509.1/290] 在馆    
10 0792646   207926468   第一借阅区/ [索取号:J509.1/290] 在馆    
唐山师范学院图书馆 欢迎您!
大连网信软件有限公司© 版权所有